00713nam a2200181 a 450000100100000000500170001000800410002702000150006804000250008310000310010824501450013926000720028430000110035649000450036750000420041250400320045483000450048600003756820200930080438.0120501s1988 sp 000 0 spa d a8400068750 aDO-SdBNPbspacBNPHU1 aFalcón Ramírez, Javier10aClases, estamentos y razas :bEspaña e Indias a través del pensamiento arbitrista del Marquéz de Varinas /cJavier Falcón Ramírez. aMadrid :bConsejo Superior de Investigaciones Científicos,c1988. a154 p.1 aMonografías de Historia Modernavno. 5 aIncluye notas al pie de las páginas aBibliografía : p. 147-154 0aMonografías de Historia Modernanno. 5